000 00509nam a2200169Ia 4500
001 24600
003 IN-NITTTR
005 20251114233314.0
008 251113s9999||||xx |||||||||||||| ||eng||
040 _beng
040 _cIN-NITTTR
041 _aeng
082 _a671.35 R137S
100 _aRajurkar, Sanjay Wasudeorao
245 0 _aStudy of effect of cryogenic treatment on the life of various cutting tools and it's comparison with conventional tools. /
_cRajurkar, Sanjay Wasudeorao
942 _2ddc
_cBK
999 _c27229
_d27229